Емоциите (Запис номер 328475)
[ съкратено ]
| 000 -Лидер | |
|---|---|
| Контролно поле с фиксирана дължина | 01529nam a2200361 4500 |
| 003 - Код на организацията, давaща контролен номер | |
| Контролно поле | BLK |
| 005 - Дата и час на последна редакция | |
| Контролно поле | 20250802140523.0 |
| 008 - Елементи от данни с фиксирана дължина | |
| fixed length control field | 190125b bu ||||| |||| 00| 0 bu d |
| 020 ## - Международен стандартен номер на книга ISBN | |
| Международен стандартен номер на книга ISBN | 9789547339897 |
| 040 ## - Източник на каталожния запис | |
| Идентификатор на билиотеката - собственик на записа | BLK |
| 041 ## - Код за език | |
| Код за езика на текст/звукозапис или на отделно заглавие | Български |
| Код за езика КДБФ | Български |
| 080 ## - УДК | |
| Текстов определител УДК | Емоции, чувства, преживявания. Емпатия |
| УДК код - определител по УДК | 159.942 |
| УДК - код + определител | 159.942 |
| 080 ## - УДК | |
| Текстов определител УДК | Психология на детската и юношеска възраст |
| УДК код - определител по УДК | 159.922.7/.8 |
| УДК - код + определител | 159.922.7/.8 |
| 100 ## - Редна дума - Автор | |
| Автор | Лангоне, Сесил |
| Авторска отговорност | първи автор |
| R(LIN) | 1299 |
| 139 ## - Редно поле | |
| Редна дума | Лангоне, Сесил |
| Авторски знак | Ланг - Л 20 |
| 245 ## - Сведения за заглавието | |
| Заглавие | Емоциите |
| Подзаглавни данни | Вълнения ... и аз във всички мои състояния |
| Редно поле (дума) | Сесил Лангоне; ил. Суфи Регани; прев. от фр. Ваня Войнова. |
| 257 ## - Страна на издаване | |
| Страна на създаване/издаване | България |
| 260 ## - Област на издателските данни | |
| 9 (RLIN) | 209461 |
| Име на издателя, разпространителя и проч. | Прозорец |
| Година на издаване | 2018 |
| Място на издаване, разпространение и проч. | София |
| 300 ## - Физическа характеристика | |
| Страници | 32 с. |
| Илюстрации и др. | с ил. |
| Размери/Мащаб | 30 см |
| 380 ## - Жанр | |
| Жанр | Детска отраслова лит. |
| 500 ## - Общи забележки | |
| Забележка | Ориг. загл. Les emotions/ Cecile Langonnet |
| 650 #0 - Допълнително описание по предмет – тема | |
| 9 (RLIN) | 322553 |
| Основно описание – тема или топоним | Психика - развитие |
| 650 #0 - Допълнително описание по предмет – тема | |
| 9 (RLIN) | 248907 |
| Основно описание – тема или топоним | Чувства - психологични проблеми |
| 653 #7 - Ключова дума – ненормативна | |
| 9 (RLIN) | 186284 |
| Ключова дума | емоции |
| 653 #7 - Ключова дума – ненормативна | |
| 9 (RLIN) | 191804 |
| Ключова дума | настроение |
| 653 #7 - Ключова дума – ненормативна | |
| 9 (RLIN) | 200733 |
| Ключова дума | чувства |
| 700 ## - Други автори (авторска отговорност) | |
| 9 (RLIN) | 1177 |
| Лично име | Войнова, Ваня Петрова |
| Автороска отговорност (Описва отношението между автора и произведението) | прев. от фр. |
| 700 ## - Други автори (авторска отговорност) | |
| 9 (RLIN) | 599 |
| Лично име | Регани, Суфи |
| Автороска отговорност (Описва отношението между автора и произведението) | ил. |
| 999 ## - СИСТЕМНИ КОНТРОЛНИ НОМЕРА | |
| Koha biblionumber | 328475 |
| Koha biblioitemnumber | 328475 |
| 942 ## - АРТИКУЛИ | |
| Скрит в OPAC | Не |
| Вид на библиотечния материал | Книги |
| Koha issues (borrowed), all copies | 50 |
| Периодичен библиозапис | Да |
| 999 ## - СИСТЕМНИ КОНТРОЛНИ НОМЕРА | |
| Koha biblioitemnumber | 328475 |
| 999 ## - СИСТЕМНИ КОНТРОЛНИ НОМЕРА | |
| Koha biblioitemnumber | 328475 |
| 944 ## - СЪЗДАВАНЕ И РЕДАКЦИЯ на ЗАПИСА | |
| Служител, извършил регистрацията/редакцията | 30531 |
| Статус, дата на статуса | Цветелина Шанова |
| Код за отписване | Код за изгубен артикул | Източник на класификационната схема | Код за повреда | Код за отдаване | Артикулен № | Име на библиотеката - собственик | Име на библиотеката, в която се намира в момента | Статус (Текущо местоположение) | Дата на вписване в системата | Местоположение - отдел | Цена в лева | Систематично азбучна сигнатура | Баркод | Цена в евро | Служебен тип на артикула | Коз за рестрикции |
|---|---|---|---|---|---|---|---|---|---|---|---|---|---|---|---|---|
| Не е изгубен | Universal Decimal Classification | Не е повреден | заемане за дома | 688567 | Регионална библиотека "Любен Каравелов" Русе | Регионална библиотека "Любен Каравелов" Русе | Детски отдел | 2019-01-30 | Детски отдел | 7.90 | ДН 1/Л 20 | 120000829401 | 4.04 | Книги | ||
| Не е изгубен | Universal Decimal Classification | Не е повреден | заемане за дома | 752215 | Регионална библиотека "Любен Каравелов" Русе | Регионална библиотека "Любен Каравелов" Русе | Детски отдел | 2019-12-12 | Детски отдел | 5.93 | ДН 1/Л 20 | 120000840312 | 3.03 | Книги | без рестрикции | |
| Не е изгубен | Universal Decimal Classification | Не е повреден | заемане за дома | 752216 | Регионална библиотека "Любен Каравелов" Русе | Регионална библиотека "Любен Каравелов" Русе | Детски отдел | 2019-12-12 | Детски отдел | 5.93 | ДН 1/Л 20 | 120000840311 | 3.03 | Книги | без рестрикции | |
| Не е изгубен | Universal Decimal Classification | Не е повреден | заемане за дома | 799885 | Регионална библиотека "Любен Каравелов" Русе | Регионална библиотека "Любен Каравелов" Русе | Детски отдел | 2020-09-18 | Детски отдел | 5.53 | 1/Л 20 С | 120000847277 | 2.83 | Книги | без рестрикции | |
| Не е изгубен | Universal Decimal Classification | Не е повреден | заемане за дома | 799886 | Регионална библиотека "Любен Каравелов" Русе | Регионална библиотека "Любен Каравелов" Русе | Детски отдел | 2020-09-18 | Детски отдел | 5.53 | 1/Л 20 С | 120000847278 | 2.83 | Книги | без рестрикции | |
| Не е изгубен | Universal Decimal Classification | Не е повреден | заемане за дома | 799887 | Регионална библиотека "Любен Каравелов" Русе | Регионална библиотека "Любен Каравелов" Русе | Детски отдел | 2020-09-18 | Детски отдел | 5.53 | 1/Л 20 С | 120000847279 | 2.83 | Книги | без рестрикции |